000 00611nas a2200217 4500
001 BR8900934
003 BR-BrBNA
005 20231205091450.0
007 ta
008 230509b bl.|||p| |||| 00| 00por d
040 _aBR-BrBNA
_bpor
_cBiblioteca Nacional de Agricultura
041 _a(Pt)
072 _aN20
100 1 _aMartinez, M.
245 1 _aPlantadeira: a mao mecanica que semeia
650 _aPLANTADEIRA
650 _aPLANTIO
773 0 _tManchete Rural (Brazil)
_xISSN 0102-8901
_g(Aug 1988), v. 2(17) p. 81-82
_wBR8900934
909 _a202311
_bLúcia
_c55
_dLúcia Elande
942 _2AGRIS
_n0
_cANA
999 _c125269
_d125269